000 03462cam a22004934a 4500
001 muse87135
003 MdBmJHUP
005 20210127151750.0
006 m o d
007 cr||||||||nn|n
008 200723r20202013nyu o 00 0 eng d
020 _a9780615890258
035 _a(OCoLC)1178543279
040 _aMdBmJHUP
_cMdBmJHUP
050 4 _aCB353
_b.C668 2013
245 1 0 _athN Lng Folk 2go: Investigating Future Premoderns™
_cthe Confraternity of Neoflagellants.
264 1 _bProject Muse,
264 3 _bProject MUSE,
300 _a1 online resource (viii, 225 pages) :
_billustrations
500 _a"The Confraternity of Neoflagellants [Norman Hogg and Neil Mulholland]"--Title page verso.
500 _aIssued as part of book collections on Project MUSE.
504 _aIncludes bibliographical references.
506 0 _aOpen Access
_fUnrestricted online access
_2star
520 _aNeomedievalisms are cultural practices that breathe a bouquet of premoderns as permanent rehearsals of coming events. Where medievalists may be prone to police the post-medieval weald for 'inauthentic' medievalisms, neomedievalists embrace the articulation and mobilisation of metahistorical 'anachronisms'. To the medievalist, medievalisms provide powerful indexes that reveal how post-medieval societies have variously imagined 'little middle ages' to suit modern agendas. To the neomedievalist, medievalisms are theory-fictions that facilitate ludic speculation on non-modern futurities. While neomedievalist theories have emerged in a variety of fields since the early 1970s -- notably in cultural studies of medievalisms, international relations and literary theory -- there are few applications that synthesise and put the methodologies of these diverse fields into practice. thN Lng folk 2go applies this extant scholarship as an extradisciplinary practice, dramatising the neomedieval turn in (quasi)objects, persons, work, education, travel, food, ethnicity, media, art, hypereconomics and technology. This speculative journey is ghost authored by a trinity of neomedievalist narrators -- Journeyman, Anchorite and Host -- each relic-ing their own curious neomedieval futurities. Drawing its heterogeneous approaches from studies in medievalisms, international relations, literary theory, actor-network theory, anthropology, hypereconomics, art history, aesthetics, ecology, cultural theory, cultural geography, ambience, speculative realism and future studies -- thN Lng folk 2go is both an investigation of and a benefaction to a murmuration of neomedievalisms.
588 _aDescription based on print version record.
600 1 1 _aBull, Hedley.
_tAnarchical society.
650 0 _aPopular culture.
650 0 _aInternational relations.
650 0 _aMedievalism
_xPolitical aspects.
650 0 _aMedievalism.
655 0 _aElectronic books.
655 7 _aElectronic books.
_2local
700 1 _aMulholland, Neil,
_eauthor.
700 1 _aHogg, Norman,
_eauthor.
710 2 _aProject Muse,
_edistributor.
776 1 8 _iPrint version:
_z9780615890258
710 2 _aProject Muse.
_edistributor
830 0 _aBook collections on Project MUSE.
856 4 0 _zFull text available:
_uhttps://muse.jhu.edu/book/76453/
999 _c26950
_d26950